00406 2200157 4500245005800000020002200058250001000080100001800090650002000108005001900128260004100147041001400188084001000202300002700212336000900239 aUntuk Kamu yang Hampir Putus AsacAlfiah BerkahhText a978-623-00-0786-6 aCet.1 aAlfiah Berkah aMotivasi Islami a20241015131918 aJakartabElex Media Komputindoc2019 aIndonesia a297.5 aviii, 222 hlm :c21 cm atext